| 000 | 01230nam a2200289 a 4500 | ||
|---|---|---|---|
| 003 | DO-SdBNP | ||
| 005 | 20250129073606.0 | ||
| 007 | ta | ||
| 008 | 110310t2002 dr acf 001 0bspa d | ||
| 020 | _a980078537x | ||
| 040 |
_aDO-SdBNP _bspa _cBNPHU |
||
| 082 | 4 |
_a923.27293 _bD812p _222 |
|
| 100 | 1 |
_aPortillo, Julio, _d1944- _916192 |
|
| 245 | 1 | 3 |
_aLa faz de Duarte : _biconografía / _cJulio Portillo ; prologo Juan Daniel Balcácer. |
| 260 |
_aCaracas : _bArte, _c2002. |
||
| 300 |
_a151 p. : _bil., facsíms., retrs. ; _c30 cm. |
||
| 500 | _aIncluye índice onomástico y notas al pie de páginas | ||
| 500 | _aEdición de Baninter. | ||
| 504 | _aBibliografía p. 145-148 | ||
| 505 | 0 |
_aPrálogo // _rJuan Daniel Balcácer -- _tLa faz de Duarte -- _tNotas biográficas -- _tDuarte en la pintura y el dibujo -- _tDuarte en la escultura -- _tDuarte en la numismática -- _tDuarte en la Filatelia -- _tOtros recuerdos -- _tEl verdadero rostro de Duarte -- _gBibliografía -- _gÍndice onomástico. |
|
| 590 | _aInventariado, 2022/ YL | ||
| 600 | 1 | 0 |
_aDuarte, Juan Pablo, _d1813-1876 _91494 |
| 650 | 4 |
_aArte e historia _922881 |
|
| 700 | 1 |
_aBalcácer, Juan Daniel, _d1949- _epról. _96566 |
|
| 910 | _aYLockward | ||
| 942 |
_2ddc _cLBS1 |
||
| 999 |
_c53016 _d53016 |
||